Normal view
MARC view
- Arts, Japanese
Entry Topical Term
001 - CONTROL NUMBER
- control field: 101965
003 - CONTROL NUMBER IDENTIFIER
- control field: NUST
005 - DATE AND TIME OF LATEST TRANSACTION
- control field: 20221031124636.0
008 - FIXED-LENGTH DATA ELEMENTS
- fixed length control field: 221031|| aca||aabn | a|a d
040 ## - CATALOGING SOURCE
- Original cataloging agency: NUST
- Transcribing agency: NUST
150 ## - HEADING--TOPICAL TERM
- Topical term or geographic name entry element: Arts, Japanese
- Chronological subdivision: 20th century
- General subdivision: Themes, motives
670 ## - SOURCE DATA FOUND
- Source citation: Work cat.: (NUST)0: Weisenfeld, Gennifer S. (Gennifer Stacy), 1966- 101964, Imaging disaster :
